01357nam a2200349Ia 4500001001200000003000800012006001900020007001500039008004100054010001700095020001800112020001500130020002200145040002100167035002100188050002500209245013800234260006100372300002300433504005100456533015200507650004000659650002900699650003300728650001700761655002900778700002300807700001700830710001700847856012600864999001700990ebr10326951CaPaEBRm u cr cn|||||||||960827s1996 enka sb 001 0 eng d z 96069872  z9780761951810 z0761951806 z0761951814 (pbk.) aCaPaEBRcCaPaEBR a(OCoLC)46466714314aHD30.2b.M365 1996eb00aManaging knowledgeh[electronic resource] :bperspectives on cooperation and competition /cedited by Georg von Krogh and Johan Roos. aLondon ;aThousand Oaks, CA :bSage Publications,c1996. aix, 235 p. :bill. aIncludes bibliographical references and index. aElectronic reproduction.bPalo Alto, Calif. :cebrary,d2009.nAvailable via World Wide Web.nAccess may be limited to ebrary affiliated libraries. 0aInformation technologyxManagement. 0aOrganizational learning. 0aCommunication in management. 0aCompetition. 7aElectronic books.2local1 aVon Krogh, George.1 aRoos, Johan.2 aebrary, Inc.40uhttp://site.ebrary.com/lib/rucke/Doc?id=10326951zAn electronic book accessible through the World Wide Web; click to view c56143d56143